<?xml version="1.0" encoding="UTF-8"?>
<record
    xmlns:xsi="http://www.w3.org/2001/XMLSchema-instance"
    xsi:schemaLocation="http://www.loc.gov/MARC21/slim http://www.loc.gov/standards/marcxml/schema/MARC21slim.xsd"
    xmlns="http://www.loc.gov/MARC21/slim">

  <leader>00995nam0a22002531  4500</leader>
  <controlfield tag="001">rc\3639905</controlfield>
  <controlfield tag="005">20250610085859.0</controlfield>
  <datafield tag="021" ind1=" " ind2=" ">
    <subfield code="a">RU</subfield>
    <subfield code="b">[71-65815]</subfield>
  </datafield>
  <datafield tag="035" ind1=" " ind2=" ">
    <subfield code="a">(NLR Aleph) 007828842</subfield>
  </datafield>
  <datafield tag="090" ind1=" " ind2=" ">
    <subfield code="a">7768434</subfield>
    <subfield code="c">7768434</subfield>
  </datafield>
  <datafield tag="100" ind1=" " ind2=" ">
    <subfield code="a">20130115d1971    |||y0rusy50      ca</subfield>
  </datafield>
  <datafield tag="101" ind1="0" ind2=" ">
    <subfield code="a">rus</subfield>
  </datafield>
  <datafield tag="102" ind1=" " ind2=" ">
    <subfield code="a">RU</subfield>
  </datafield>
  <datafield tag="105" ind1=" " ind2=" ">
    <subfield code="a">y   z   |||||</subfield>
  </datafield>
  <datafield tag="200" ind1="1" ind2=" ">
    <subfield code="a">&#x41C;&#x435;&#x442;&#x43E;&#x434;&#x44B; &#x41C;&#x43E;&#x43D;&#x442;&#x435;-&#x41A;&#x430;&#x440;&#x43B;&#x43E; &#x438; &#x438;&#x445; &#x43F;&#x440;&#x438;&#x43C;&#x435;&#x43D;&#x435;&#x43D;&#x438;&#x44F;</subfield>
    <subfield code="e">&#x422;&#x435;&#x437;&#x438;&#x441;&#x44B; &#x434;&#x43E;&#x43A;&#x43B;. &#x43D;&#x430; III &#x412;&#x441;&#x435;&#x441;&#x43E;&#x44E;&#x437;. &#x43A;&#x43E;&#x43D;&#x444;. &#x43F;&#x43E; &#x43C;&#x435;&#x442;&#x43E;&#x434;&#x430;&#x43C; &#x41C;&#x43E;&#x43D;&#x442;&#x435;-&#x41A;&#x430;&#x440;&#x43B;&#x43E;. 30 &#x430;&#x432;&#x433;. - 3 &#x441;&#x435;&#x43D;&#x442;. 1971 &#x433;.</subfield>
    <subfield code="f">&#x410;&#x41D; &#x421;&#x421;&#x421;&#x420;. &#x412;&#x44B;&#x447;&#x438;&#x441;&#x43B;&#x438;&#x442;. &#x446;&#x435;&#x43D;&#x442;&#x440; &#x421;&#x41E; &#x410;&#x41D; &#x421;&#x421;&#x421;&#x420;. &#x418;&#x43D;-&#x442; &#x43A;&#x438;&#x431;&#x435;&#x440;&#x43D;&#x435;&#x442;&#x438;&#x43A;&#x438; &#x410;&#x41D; &#x413;&#x421;&#x421;&#x420;</subfield>
  </datafield>
  <datafield tag="210" ind1=" " ind2=" ">
    <subfield code="a">&#x41D;&#x43E;&#x432;&#x43E;&#x441;&#x438;&#x431;&#x438;&#x440;&#x441;&#x43A;</subfield>
    <subfield code="c">&#x411;. &#x438;.</subfield>
    <subfield code="d">1971</subfield>
  </datafield>
  <datafield tag="215" ind1=" " ind2=" ">
    <subfield code="a">169 &#x441;.</subfield>
    <subfield code="d">20</subfield>
  </datafield>
  <datafield tag="320" ind1=" " ind2=" ">
    <subfield code="a">&#x421;&#x43F;&#x438;&#x441;&#x43A;&#x438; &#x43B;&#x438;&#x442;. &#x432; &#x43A;&#x43E;&#x43D;&#x446;&#x435; &#x434;&#x43E;&#x43A;&#x43B;.</subfield>
  </datafield>
  <datafield tag="606" ind1=" " ind2=" ">
    <subfield code="a">&#x41C;&#x43E;&#x43D;&#x442;&#x435;-&#x41A;&#x430;&#x440;&#x43B;&#x43E; &#x43C;&#x435;&#x442;&#x43E;&#x434;</subfield>
    <subfield code="j">&#x422;&#x435;&#x437;&#x438;&#x441;&#x44B; &#x434;&#x43E;&#x43A;&#x43B;&#x430;&#x434;&#x43E;&#x432;</subfield>
    <subfield code="2">psbo</subfield>
  </datafield>
  <datafield tag="801" ind1=" " ind2="0">
    <subfield code="a">RU</subfield>
    <subfield code="b">NLR</subfield>
    <subfield code="g">psbo</subfield>
  </datafield>
  <datafield tag="801" ind1=" " ind2="1">
    <subfield code="a">RU</subfield>
    <subfield code="b">ELAR</subfield>
    <subfield code="2">rusmarc</subfield>
  </datafield>
  <datafield tag="852" ind1=" " ind2=" ">
    <subfield code="a">NLR</subfield>
    <subfield code="j">71-3/5761</subfield>
  </datafield>
  <datafield tag="942" ind1=" " ind2=" ">
    <subfield code="c">BOOK</subfield>
  </datafield>
  <datafield tag="980" ind1=" " ind2=" ">
    <subfield code="a">NB</subfield>
  </datafield>
  <datafield tag="995" ind1=" " ind2=" ">
    <subfield code="5">2013-10-26</subfield>
    <subfield code="b">NLR01</subfield>
    <subfield code="c">NLR01</subfield>
    <subfield code="e">RF31</subfield>
    <subfield code="f">7828842-10</subfield>
    <subfield code="k">71-3/5761</subfield>
    <subfield code="o">0</subfield>
    <subfield code="r">BOOK</subfield>
    <subfield code="s">7135761_</subfield>
  </datafield>
</record>
